|
|
|
|
| LEADER |
02719nam a2200397 a 4500 |
| 001 |
15203533 |
| 003 |
BD-DhAAL |
| 005 |
20250703125053.0 |
| 008 |
091112s2008 caua b 001 0 eng d |
| 010 |
|
|
|a \\2008008506
|
| 020 |
|
|
|a 9781412939560 (pbk. : acid-free paper)
|
| 020 |
|
|
|a 1412939569 (pbk. : acid-free paper)
|
| 040 |
|
|
|a DLC
|c DLC
|d DLC
|d BD-DhAAL
|
| 082 |
0 |
0 |
|a 658/.049
|2 22
|
| 100 |
1 |
|
|a Thomas, David C.
|q (David Clinton),
|d 1947-
|9 58651
|
| 245 |
1 |
0 |
|a Cross-cultural management :
|b essential concepts /
|c David C. Thomas.
|
| 250 |
|
|
|a Second edition.
|
| 260 |
|
|
|a Los Angeles :
|b Sage Publications,
|c c2008.
|
| 300 |
|
|
|a xix, 327 pages :
|b ill. ;
|c 23 cm.
|
| 500 |
|
|
|a Previously published under title: Essentials of international management : a cross-cultural perspective.
|
| 504 |
|
|
|a Includes bibliographical references (p. 259-305) and indexes.
|
| 505 |
0 |
|
|a Introduction: the challenging role of the global manager -- Describing culture : what it is and where it comes from -- Comparing cultures : systematically describing cultural differences -- How culture works : fundamentals of cross-cultural interaction -- The manager as decision maker : cross-cultural dimensions of decision making -- The manager as negotiator : communicating and negotiating across cultures -- The manager as leader : motivation and leadership across cultures -- The challenge of multicultural work groups and teams -- The challenge of international organizations : structure and culture -- The challenge of international assignments -- The challenge of managing across cultures in the future.
|
| 526 |
|
|
|a BBS
|x Requisitioned by Faculties of BBS
Course name and no : N/A
|
| 541 |
1 |
|
|a Karim International
|e 00019561
|
| 650 |
|
0 |
|a International business enterprises
|x Management.
|
| 650 |
|
0 |
|a International business enterprises
|x Management
|v Cross-cultural studies.
|9 58652
|
| 650 |
|
0 |
|a Management
|v Cross-cultural studies.
|9 58653
|
| 650 |
|
0 |
|a Intercultural communication.
|
| 650 |
|
0 |
|a Communication in management
|v Cross-cultural studies.
|9 58654
|
| 650 |
|
0 |
|a Management.
|
| 700 |
1 |
|
|a Thomas, David C.
|q (David Clinton),
|d 1947-
|t Essentials of international management.
|9 58655
|
| 852 |
4 |
|
|a Ayesha Abed Library
|j General shelf
|
| 942 |
|
|
|2 ddc
|c BK
|
| 999 |
|
|
|c 5484
|d 5484
|
| 952 |
|
|
|0 0
|1 0
|2 ddc
|4 0
|6 658_049000000000000_THO
|7 0
|9 5356
|a BRACUL
|b BRACUL
|c GEN
|d 2009-11-15
|e Karim International
|g 3667.00
|l 6
|m 20
|o 658.049 THO
|p 3010019561
|r 2015-04-23
|s 2015-03-14
|t 1
|w 2009-11-15
|y BK
|x Requisitioned by Faculties of BBS. Course name and no. "not available".
|
| 952 |
|
|
|0 0
|1 0
|2 ddc
|4 0
|6 658_049000000000000_THO
|7 0
|9 18024
|a BRACUL
|b BRACUL
|c GEN
|d 2011-09-18
|l 4
|m 10
|o 658.049 THO
|p 3010017379
|r 2019-05-22
|s 2019-03-13
|t 2
|w 2011-09-18
|y BK
|